La literatura francesa del siglo clásico

Gorde:
Xehetasun bibliografikoak
Egile nagusia: Saulnier, V. L (Egilea)
Formatua: Liburua
Hizkuntza:gaztelania
Argitaratua: Buenos Aires EUDEBA 1962
Saila:Cuadernos EUDEBA, 75
Gaiak:
Etiketak: Etiketa erantsi
Etiketarik gabe, Izan zaitez lehena erregistro honi etiketa jartzen!

MARC

LEADER 00000nam a2200000 a 4500
001 UCQ0779
003 CL-VaPUC
008 980703e19620000AG |||||||||||||||||spa|d
082 0 4 |a 840.9  |b SAU  |2 21 
100 0 |a Saulnier, V. L  |e author  |9 414086 
245 1 3 |a La literatura francesa del siglo clásico 
300 |a 67 p 
942 |c BK 
945 |d 19980703 00:00:00  |a lriquelm 
260 |a Buenos Aires  |b EUDEBA  |c 1962 
650 0 |a Literatura francesa   |y Siglo 18  |9 414087 
650 0 |a Crítica literaria   |9 269189 
651 0 |a Francia  |9 255157 
583 |a last modification  |c 20160826 10:49:05  |k Rodrigo Vera 
490 0 |a Cuadernos EUDEBA, 75 
999 |c 271811  |d 271809 
952 |0 0  |1 0  |4 0  |6 840_900000000000000_SAU_1962  |7 0  |8 A  |9 306581  |a BIBEDU  |b BIBEDU  |d 2019-11-20  |i 1431137  |o 840.9 SAU 1962  |p 1431137  |r 2019-11-20  |w 2019-11-20  |y BK  |k LIT